004220000a2200109000450024501560000004100130015650000450016970000220021470000180023610000200025477300380027410aCombining molecular and morphological analyses of water strider phylogeny (Hemiptera-Heteroptera, Gerromorpha)seffects of alignment and taxon sampling0 aInglés a1 aAndersen, Nils M.1 aMeler, Rudolf1 aDamgaard, Jakob1 tSystematic Entomologyq1-21d2004